<?xml version="1.0" encoding="UTF-8"?>
<marc:record xmlns:marc="http://www.loc.gov/MARC21/slim">
   <marc:leader>00000nam a2200000 a 4500</marc:leader>
   <marc:datafield ind1="1" ind2=" " tag="100">
      <marc:subfield code="a">Weeks, Sarah</marc:subfield>
      <marc:subfield code="4">aut</marc:subfield>
      <marc:subfield code="e">Verfasser/-in</marc:subfield>
   </marc:datafield>
   <marc:datafield ind1=" " ind2=" " tag="653">
      <marc:subfield code="a">ab 3 Jahren</marc:subfield>
   </marc:datafield>
   <marc:datafield ind1=" " ind2=" " tag="653">
      <marc:subfield code="a">Tonie-Hörbuch</marc:subfield>
   </marc:datafield>
   <marc:datafield ind1=" " ind2=" " tag="653">
      <marc:subfield code="a">Bär</marc:subfield>
   </marc:datafield>
   <marc:datafield ind1=" " ind2=" " tag="653">
      <marc:subfield code="a">Freundschaft</marc:subfield>
   </marc:datafield>
   <marc:datafield ind1=" " ind2=" " tag="653">
      <marc:subfield code="a">Glücklich sein</marc:subfield>
   </marc:datafield>
   <marc:datafield ind1="0" ind2="0" tag="245">
      <marc:subfield code="a">Winnie Puuh auf großer Reise</marc:subfield>
   </marc:datafield>
   <marc:datafield ind1="0" ind2="0" tag="245">
      <marc:subfield code="c">Weeks, Sarah</marc:subfield>
   </marc:datafield>
   <marc:datafield ind1=" " ind2="1" tag="264">
      <marc:subfield code="a">Berlin</marc:subfield>
      <marc:subfield code="b">Walt Disney Records / Kiddinx Media GmbH</marc:subfield>
      <marc:subfield code="c">2018</marc:subfield>
   </marc:datafield>
   <marc:datafield ind1="1" ind2=" " tag="520">
      <marc:subfield code="a">Die Tonie-Hörfiguren sind mehr als nur ein Hörspiel – durch sie können aufregende und lustige Geschichten hautnah erlebt werden! Mit der Figur des putzigen Bären Winnie Puuh wird dem lustigen und gleichnamigen Disney-Erfolg gelauscht.&#xD;
&#xD;
Disney – Winnie Puuh auf großer Reise&#xD;
&#xD;
Es ist ein wunderschöner Sommer im Hundertmorgenwald, aber vorerst der letzte für Christopher Robin, der ab jetzt zur Schule gehen muss. Weil er nicht den Mut aufbringt, sich von seinen Freunden zu verabschieden, hinterlässt er ihnen einen Brief. Winnie Puuh, Ferkel, Tigger, Rabbit und I-Aah verstehen die Nachricht jedoch falsch und vermuten, dass Christopher Robin in Gefahr ist. Sofort machen sich die Freunde auf die Suche nach ihm und stürzen sich so in das wohl spannendste Abenteuer ihres Lebens.</marc:subfield>
   </marc:datafield>
   <marc:datafield ind1="3" ind2=" " tag="024">
      <marc:subfield code="a">4251192112545</marc:subfield>
   </marc:datafield>
   <marc:datafield ind1=" " ind2=" " tag="041">
      <marc:subfield code="a">ger</marc:subfield>
   </marc:datafield>
   <marc:datafield ind1="1" ind2=" " tag="521">
      <marc:subfield code="a">Kind</marc:subfield>
   </marc:datafield>
   <marc:datafield ind1=" " ind2=" " tag="338">
      <marc:subfield code="a">Gegenstand</marc:subfield>
   </marc:datafield>
   <marc:datafield ind1=" " ind2=" " tag="300">
      <marc:subfield code="a">1 Tonie-Figur (Winnie Puuh mit Honigtopf), 1 Booklet</marc:subfield>
   </marc:datafield>
</marc:record>
